000 00813nmm a2200265 a 4500
001 ocm000652763
003 TR-IsHL
005 20201028142145.0
008 140104s2006 tu tur
007 cr cn
020 _a9789733980629
035 _a652763
_b(N$T)
050 0 4 _aPL248.D46
_bG4 2006
090 0 4 _aPL248.D46
_bG4 2006
100 1 _aDeniz, Yusuf
245 1 0 _aGeçip gitmek de var
_h[electronic resource] /
_cYusuf Deniz
260 _aİstanbul :
_bBroy Yayınları,
_c2006
300 _a64 p.
650 4 _aDil ve Edebiyat
650 4 _aLanguage and Literature
650 0 _aTürk şiiri
650 0 _aTurkish poetry
650 7 _aLITERARY COLLECTIONS / Middle Eastern
_2bisacsh
856 4 0 _uhttp://search.ebscohost.com/login.aspx?direct=true&scope=site&db=e011xww&AN=652763
999 _c8200
_d8200